000 00879nam a22002897a 4500
001 000040720
003 CHAP
005 20220329135631.0
008 971013s1966 r 00010 d
010 _a39662
011 _a40634
035 _a44760
040 _cCHAP
090 _aFolleto 525
110 2 _aE.U.A. Department of Agriculture. Consumer and Marketing Service
_934882
245 1 0 _aOfficial standards of the United States for grades of wool.
260 _aWashington :
_bDepartment of Agriculture,
_c1966.
300 _a32 p. :
_b: ilus.
590 _aBATCH-UPD
_b10
_c20130110
_lUCH01
_h2249
590 _aCONVERSION
_b10
_c20130109
_lUCH01
_h1322
590 _aE5995AHE
_b05
_c20141112
_lUCH01
_h1110
650 1 4 _aLana
_xNormas de calidad.
_964616
901 _aBK
942 _cFOLL
942 _n0
949 _aFolleto 525
_bBC
_cFOLL
_d-102545
_eTS1
_i44760
_si
999 _c39662
_d39662